Al Pacino Filmography - Statistics

General Stats
  • This quiz has been taken 964 times
    49 since last reset
  • The average score is 23 of 143
Answer Stats
Type Year Name % Correct
Film 1972 The Godfather
97%
Film 1974 The Godfather Part II
94%
Film 1973 Serpico
88%
Film 1992 Scent of a Woman
84%
Film 1975 Dog Day Afternoon
81%
Film 1995 Heat
81%
Film 1983 Scarface
81%
Video Game 2006 Scarface: The World Is Yours
81%
Film 1990 The Godfather Part III
78%
Film 2019 The Irishman
75%
Film 1997 Donnie Brasco
63%
Film 1997 The Devil's Advocate
56%
Film 2002 Insomnia
50%
Film 2019 Once Upon a Time in Hollywood
50%
Film 1993 Carlito's Way
47%
Film 1971 The Panic in Needle Park
44%
Film 1992 Glengarry Glen Ross
41%
Stage 2012-2013 Glengarry Glen Ross
41%
Film 2011 Jack and Jill
41%
Film 1979 ...And Justice for All
38%
Film 1990 Dick Tracy
34%
Film 1980 Cruising
31%
Film 2021 House of Gucci
31%
Film 2008 Righteous Kill
31%
Film 2007 88 Minutes
25%
Film 1999 Any Given Sunday
25%
Film 1991 Frankie and Johnny
25%
Film 1989 Sea of Love
25%
Film 1999 The Insider
25%
Film 2004 The Merchant of Venice
25%
Stage 2010-2011 The Merchant of Venice
25%
Film 2003 The Recruit
25%
TV Mini-Series 2003 Angels in America
22%
Theater 1979 Hamlet
22%
Film 2007 Ocean's Thirteen
22%
Stage 1977, 1979 Richard III
22%
Documentary 1996 Looking for Richard
19%
Film 1985 Revolution
19%
Film 1973 Scarecrow
19%
TV Film 2010 You Don't Know Jack
19%
Film 1982 Author! Author!
16%
Film 1969 Me, Natalie
16%
Film 2002 People I Know
16%
Stage 1992, 2003 Salome
16%
Film 2013 Salomé
16%
Film 2002 Simone
16%
Stage 1969, 1976, 1985 The Local Stigmatic
16%
Film 1990 The Local Stigmatic
16%
Film 2017 The Pirates of Somalia
16%
TV Special 2001 America: A Tribute to Heroes
13%
Film 1977 Bobby Deerfield
13%
Theater 1992 Chinese Coffee
13%
Film 2000 Chinese Coffee
13%
Film 1996 City Hall
13%
Film 2015 Danny Collins
13%
Film 2017 Hangman
13%
TV Film 2018 Paterno
13%
Web Series 2020-2023 Hunters
9%
Stage 1986-1988 Julius Caesar
9%
Film 2023 Knox Goes Away
9%
Film TBA Maserati: The Brothers
9%
Film 2014 The Humbling
9%
Film 2005 Two for the Money
9%
Documentary 2011 Wilde Salomé
9%
Stage 1980-1981, 1983-1984 American Buffalo
6%
Film 2021 American Traitor: The Trial of Axis Sally
6%
Film 2025 Dead Man's Wire
6%
Stage 1969 Does a Tiger Wear a Necktie?
6%
Film 2025 Easy's Waltz
6%
Film TBA Father Joe
6%
Film 2003 Gigli
6%
Film TBA Killing Castro
6%
Film TBA Lear Rex
6%
Film 2014 Manglehorn
6%
TV Show 1968 N.Y.P.D.
6%
TV Film 2013 Phil Spector
6%
Film 2012 Stand Up Guys
6%
Stage 1968 The Indian Wants the Bronx
6%
Film 2025 The Ritual
6%
Film 1995 Two Bits
6%
Stage 1967 America Hurrah
3%
Stage 1967 Awake and Sing!
3%
Film 2025 Billy Knight
3%
TV Documentary 2007 Brando
3%
Theater 1970 Camino Real
3%
Stage 2017 God Looked Away
3%
Stage 1996, 1999 Hughie
3%
Film 2025 In the Hand of Dante
3%
Documentary 1991 Madonna: Truth or Dare
3%
Film 2016 Misconduct
3%
Film 2024 Modi: Three Days on the Wing of Madness
3%
Stage 2003 Oedipus Rex
3%
Stage 2005 Orphans
3%
Documentary 1997 Pitch
3%
Stage 1977 The Basic Training of Pavlo Hummel
3%
Film 2011 The Son of No One
3%
Documentary Series 2010 60 Minutes
0%
TV Special 2007 AFI Life Achievement Award: A Tribute to Al Pacino
0%
TV Special 2017 AFI Life Achievement Award: A Tribute to Diane Keaton
0%
TV Special 2025 AFI Life Achievement Award: A Tribute to Francis Ford Coppola
0%
TV Special 1997 AFI Life Achievement Award: A Tribute to Martin Scorsese
0%
TV Special 2004 AFI Life Achievement Award: A Tribute to Meryl Streep
0%
TV Special 2010 AFI Life Achievement Award: A Tribute to Mike Nichols
0%
TV Special 2008 AFI Life Achievement Award: A Tribute to Warren Beatty
0%
TV Documentary 1997 Al Pacino
0%
TV Special 2006 Al Pacino: An American Cinematheque Tribute
0%
Documentary 2022 Al Pacino: Le Bronx et la Fureur
0%
TV Documentary 2024 Al Pacino: Once Upon a Time in Hollywood
0%
Film TBA Assassination
0%
TV Show 1975 Camera Three
0%
Film TBA Captivated
0%
Documentary 2012 Casting By
0%
Stage 2015-2016 China Doll
0%
TV Special 1993 Everytime I Cross the Tamar I Get Into Trouble
0%
TV Special 2002 Gala Paramount Pictures Celebrates 90th Anniversary with 90 Stars for 90 Years
0%
TV Special 2017 Hand in Hand: A Benefit for Hurricane Relief
0%
Stage 1963 Hello Out There
0%
Short Documentary 2009 I Knew It Was You: Rediscovering John Cazale
0%
TV Documentary 2013 Inside Story: Scarface
0%
Stage 1968 It's Called the Sugar Plum
0%
TV Documentary 1983 James Bond: The First 21 Years
0%
Commercial 2013 Jeep Grand Cherokee
0%
Documentary 2027 Johnny's Inferno
0%
Documentary 1994 Jonas in the Desert
0%
Documentary 2017 Julian Schnabel: A Private Portrait
0%
Music Video 2023 Monaco
0%
TV Special 1993 Moving Image Salutes Al Pacino
0%
TV Special 1987 Moving Image Salutes Elia Kazan
0%
TV Special 1985 Moving Image Salutes Sidney Lumet
0%
TV Special 1982 Night of 100 Stars
0%
TV Special 2012 Night of Too Many Stars: America Comes Together for Autism Programs
0%
Commercial 2013 Sky Broadband
0%
Stage 1965 The Creditors
0%
Web Series 2023 The Family Stallone
0%
TV Documentary 1990 The Godfather Family: A Look Inside
0%
TV Documentary 2012 The Godfather Legacy
0%
TV Special 2016, 2024 The Kennedy Center Honors: A Celebration of the Performing Arts
0%
Documentary 1998 The Making of 'Scarface'
0%
TV Show 1968 The Merv Griffin Show
0%
Stage 1966 The Peace Creeps
0%
Stage 2002 The Resistible Rise of Arturo Ui
0%
TV Documentary 2003 Unseen + Untold: Scarface
0%
Stage 1966 Why Is a Crooked Letter
0%
No matching quizzes found
Score Distribution
Percent of People with Each Score
Percentile by Number Answered
Your Score History
You have not taken this quiz since the last reset